Central Library OPAC University of Rajshahi

Calculus / (Record no. 51668)

MARC details
000 -LEADER
fixed length control field 00863nam a2200253 a 4500
001 - CONTROL NUMBER
control field 51668
003 - CONTROL NUMBER IDENTIFIER
rucl marc code Bd-RjUL
005 - DATE AND TIME OF LATEST TRANSACTION
control field 20211209075709.0
008 - FIXED-LENGTH DATA ELEMENTS--GENERAL INFORMATION
fixed length control field 160901m19801969ii a 001 0 eng
020 ## - INTERNATIONAL STANDARD BOOK NUMBER
International Standard Book Number 0852260296
Terms of availability : TK. 29.75
035 ## - SYSTEM CONTROL NUMBER
System control number (BD-RjUL)51788
040 ## - CATALOGING SOURCE
Original cataloging agency DLC
Transcribing agency DLC
Modifying agency m/c
-- Bd-RjUL
Language of cataloging eng
041 ## - LANGUAGE CODE
Language code of text/sound track or separate title eng
082 ## - DEWEY DECIMAL CLASSIFICATION NUMBER
Edition number 23
Classification number 515.14
Author mark and year APC 1980
100 ## - MAIN ENTRY--PERSONAL NAME
Personal name Apostol, Tom M.
9 (RLIN) 153653
245 10 - TITLE STATEMENT
Title Calculus /
Statement of responsibility, etc. Tom M. Apostol.
250 ## - EDITION STATEMENT
Edition statement 2nd ed.
260 ## - PUBLICATION, DISTRIBUTION, ETC. (IMPRINT)
Place of publication, distribution, etc. New Delhi :
Name of publisher, distributor, etc. Wiley eastern Limited,
Date of publication, distribution, etc. c1980.
300 ## - PHYSICAL DESCRIPTION
Pagination -v-
Illustrations ill ;
Size 24 cm.
500 ## - GENERAL NOTE
General note Includes index
505 0# - FORMATTED CONTENTS NOTE
Formatted contents note Vol.1-- one-variable calculus, with an introduction to linear algebra. V.2---multi-variable calculus and linear algebra, with applications to differential equations and probability.
650 #0 - SUBJECT ADDED ENTRY--TOPICAL TERM
Topical term or geographic name as entry element Mathematical analysis
Form subdivision Calculus
9 (RLIN) 154458
942 ## - ADDED ENTRY ELEMENTS (KOHA)
Source of classification or shelving scheme Dewey Decimal Classification
Koha item type Books
Holdings
Lost status Source of classification or shelving scheme Damaged status Not for loan Collection code Permanent Location Current Location Shelving location Date acquired Source of acquisition Total Checkouts Full call number Date last seen Date checked out Copy number Koha item type
  Dewey Decimal Classification     Non-fiction Central Library, University of Rajshahi Central Library, University of Rajshahi   22/02/1983 American Bes Agleey 1 515.14 APC V-2 1980 07/03/2022 23/02/2022 C-2 Books
  Dewey Decimal Classification     Non-fiction Central Library, University of Rajshahi Central Library, University of Rajshahi   22/02/1983 American Book Agency   515.14 APC V-2 1980 01/09/2016   C-3 Books
  Dewey Decimal Classification     Non-fiction Central Library, University of Rajshahi Central Library, University of Rajshahi   22/02/1983 Amerrican cul. ent. & Dhaka   515.14 APC V-2 1980 04/09/2016   C-4 Books
  Dewey Decimal Classification     Non-fiction Central Library, University of Rajshahi Central Library, University of Rajshahi   22/02/1983 Amirican cultura center, Dhaka 1 515.14 APC V-1 1980 08/03/2022 23/02/2022 C-2 Books